000 00753nam a2200205Ii 4500
003 JO-AjNU
008 230605s9999||||xx |||||||||||||| ||und||
040 _aJO-AjNU
_bara
_erda
_cJO-AjNU
041 _aara
050 1 4 _aPJ7577 2004
100 3 _aالشرع،فائز,
_eauthor
_924269
245 0 0 _aالصورة الكلية مفهوم وإنجاز:دراسة في الشعر العربي الحديث بين الحربين العالميتين
250 _aط1
264 3 1 _aدمشق:وزارة الثقافة،2004
300 _a256ص
336 _atext
_btxt
_2rdacontent
337 _aunmediated
_bn
_2rdamedia
338 _avolume
_bnc
_2rdacarrier
650 4 _aالشعر العربي الحديث-الحربين العالميتين
_924270
999 _aA8910
_c12478
_d12478